Criminal Justice Policy Review

Bibliographic Details
Format: eBook
Language:English
Subjects:
Online Access:Acceso restringido

MARC

LEADER 00000nam a22000007a 4500
005 20211012225352.0
007 cr|||| ||||
008 211012c19869999us n|w s|||| 0|||b1eng d
022 |a 0887-4034 
035 |a 33781 
040 |a vLex 
090 |c 12531  |d 12531 
245 0 0 |a Criminal Justice Policy Review  |h [Recurso electrn̤ico] / 
256 |a Servicio en ln̕ea 
300 |a 1 recurso electrn̤ico 
310 |a Irregular 
362 |a Nð 1-1 (Ene. 1986) - 
506 1 |a Disponible solo en los productos indicados  |d vLex Global  |d vLex Global (Academic Edition, excluding Law Schools)  |d vLex Global (Academic Edition, Law Schools) 
650 0 4 |a Derecho Penal  |z Estados Unidos 
740 0 |a vLex Revistas (Servicio en ln̕ea) 
856 4 0 |u https://app.vlex.com/#/sources/33781  |z Acceso restringido 
942 |c REV 
999 0 |a Criminal law